000 00296 a2200097 4500
020 _a9789370983090
100 _aRekha Raj, ed.
245 _aTholikkaruppu(തോലിക്കറുപ്പ് വെറുപ്പിൻ്റെ ആഴങ്ങൾ)
260 _bD C books
_c2025
942 _cOO
999 _c115267
_d115266